Le siècle de Victoria / (Record no. 188218)

MARC details
000 -LEADER
campo de control de longitud fija 00759nam a2200217 i 4500
001 - NÚMERO DE CONTROL
campo de control 188218
003 - IDENTIFICADOR DE NÚMERO DE CONTROL
campo de control ES-MaACL
005 - FECHA Y HORA DE LA ÚLTIMA TRANSACCIÓN
campo de control 20251013232521.0
008 - DATOS DE LONGITUD FIJA--INFORMACIÓN GENERAL
campo de control de longitud fija 180622s1954 fr |||| |dfre d
100 1# - ENTRADA PRINCIPAL--NOMBRE DE PERSONA
Nombre de persona Chastenet, Jacques.
9 (RLIN) 38173
245 13 - MENCIÓN DEL TÍTULO
Título Le siècle de Victoria /
Mención de responsabilidad, etc. Jacques Chastenet.
260 ## - PUBLICACIÓN, DISTRIBUCIÓN, ETC.
Lugar de publicación, distribución, etc. Paris :
Nombre del editor, distribuidor, etc. Librairie Arthème Fayard,
Fecha de publicación, distribución, etc. [1954]
300 ## - DESCRIPCIÓN FÍSICA
Extensión 380 p. ;
Dimensiones 19 cm.
500 ## - NOTA GENERAL
Nota general Cronología.
500 ## - NOTA GENERAL
Nota general Índice onomástico.
504 ## - NOTA DE BIBLIOGRAFÍA, ETC.
Nota de bibliografía, etc. Bibliografía: p. [361]-364.
600 04 - PUNTO DE ACCESO ADICIONAL DE MATERIA--NOMBRE DE PERSONA
Nombre de persona Victoria
Numeración I,
Títulos y otros términos asociados al nombre Reina de Gran Bretaña
9 (RLIN) 114401
651 #4 - PUNTO DE ACCESO ADICIONAL DE MATERIA--NOMBRE GEOGRÁFICO
Nombre geográfico Gran Bretaña-
Subdivisión general Historia-
Subdivisión cronológica 1837-1901, Victoria.
9 (RLIN) 144250
852 ## - LOCALIZACIÓN
Ubicación ES-MaACL
Número de control de estantería L-32077
Nota libre . - Donat. herederos de la bibl. de Mª del Pilar Costa Palacín
Holdings
Estatus retirado Estado de pérdida Estado de daño No para préstamo Biblioteca de origen Biblioteca actual Ubicación en estantería Fecha de adquisición Fuente de adquisición Total de préstamos Signatura topográfica completa Código de barras Visto por última vez Precio de reemplazo Tipo de ítem Koha
        Biblioteca del Ateneo de Madrid Biblioteca del Ateneo de Madrid Depósito 2 22/06/2018     L-32077 1199027 23/02/2023 23/02/2023 Libro impreso